Eskrima : Filipino martial arts, stick fighting, fencing, balintawak, eskrima, dan inosanto, ciriaco canete, mike inay, ernesto presas, knife fight, indian martial arts, list of eskrima systems / Frederic P. Miller, Agnes F. Vandome, John McBrewster, editor (Record no. 20693)

000 -LEADER
fixed length control field 00766nam a22001697a 4500
020 ## - INTERNATIONAL STANDARD BOOK NUMBER
ISBN 9786130656942 (ebk)
082 ## - DEWEY DECIMAL CLASSIFICATION NUMBER
Classification number 796.815
Item number M642 2010
100 ## - MAIN ENTRY--AUTHOR NAME
Personal name Miler, Frederic P., author.
245 ## - TITLE STATEMENT
Title Eskrima : Filipino martial arts, stick fighting, fencing, balintawak, eskrima, dan inosanto, ciriaco canete, mike inay, ernesto presas, knife fight, indian martial arts, list of eskrima systems / Frederic P. Miller, Agnes F. Vandome, John McBrewster, editor
260 ## - PUBLICATION, DISTRIBUTION, ETC. (IMPRINT)
Place of publication USA :
Name of publisher Alphascript Publishing,
Year of publication ©2010.
300 ## - PHYSICAL DESCRIPTION
Number of Pages 1 online resource, 58 pages :
Other physical details illustrations.
500 ## - GENERAL NOTE
General note Includes bibliographical references.
650 ## - SUBJECT ADDED ENTRY--TOPICAL TERM
Topical Term Martial arts--Philippines.
700 ## - ADDED ENTRY--PERSONAL NAME
Personal name Vandome, Agnes F., editor.
700 ## - ADDED ENTRY--PERSONAL NAME
Personal name McBrewster, John, editor.
942 ## - ADDED ENTRY ELEMENTS (KOHA)
Koha item type Electronic Books
Holdings
Source of acquisition Permanent Location Date acquired Collection code Koha item type Lost status Shelving location Withdrawn status Current Location Full call number
DonationCagayan State University - Carig Library2025-05-23E-BooksElectronic Books E-Resource Section Cagayan State University - Carig Library796.815 M642 2010

Cagayan State University University Library, Carig Campus
Tuguegarao City, Cagayan 3500 | www.csucarig.edu.ph

Powered by Koha